You're Not A Country, Africa: (Record no. 799733)

MARC details
000 -LEADER
fixed length control field 00499nam a22001817a 4500
003 - CONTROL NUMBER IDENTIFIER
control field 330010
005 - DATE AND TIME OF LATEST TRANSACTION
control field 20260604102438.0
008 - FIXED-LENGTH DATA ELEMENTS--GENERAL INFORMATION
fixed length control field 260604b sa ||||| |||| 00| 0 eng d
020 ## - INTERNATIONAL STANDARD BOOK NUMBER
International Standard Book Number 9780143527541
040 ## - CATALOGING SOURCE
Transcribing agency 3228
082 #0 - DEWEY DECIMAL CLASSIFICATION NUMBER
Classification number 960 ADES
100 ## - MAIN ENTRY--PERSONAL NAME
9 (RLIN) 155094
Personal name ADESANMI , PIUS
245 ## - TITLE STATEMENT
Title You're Not A Country, Africa:
Remainder of title A Personal History Of The African Present
250 ## - EDITION STATEMENT
Edition statement 1st Ed.
260 ## - PUBLICATION, DISTRIBUTION, ETC.
Place of publication, distribution, etc. Johannesburg
Name of publisher, distributor, etc. Penguin Books
Date of publication, distribution, etc. 2011
300 ## - PHYSICAL DESCRIPTION
Extent x, 246 pages
Dimensions 19 cm
942 ## - ADDED ENTRY ELEMENTS
Source of classification or shelving scheme Dewey Decimal Classification
item type Book
-- 190
-- Dudu Mondlane
-- 190
-- Dudu Mondlane
Holdings
Withdrawn status Lost status Source of classification or shelving scheme Damaged status Not for loan Collection code Home library Current library Shelving location Date acquired Total Checkouts Full call number Barcode Date last seen Price effective from item type
    Dewey Decimal Classification     900: History & Geography Kanyamazane Kanyamazane Non Fiction 04.06.2026   960 ADES 3322810057505 04.06.2026 04.06.2026 Book